000 00321nam a2200109Ia 4500
005 20251222144639.0
008 251222s9999||||xx |||||||||||||| ||spa||
082 _a379.201/I59
245 0 _aLas Reformas Educativas en Perú, América Latina y el Caribe
264 _bInstituto Superior Pedagógico San Marcos
942 _cLIB
999 _c16612
_d16612